000 00800nam a22002297a 4500
005 20240530110550.0
008 160702s2014 ua a f b 00| 0 ara d
017 _a2013/14528
_bمصر. دار الكتب المصرية
020 _a9772329304
040 _aEG-CaGPL
082 0 4 _a646.6/
_bم ا
_221
100 0 _aمنال البكرى
245 1 0 _aاسس العناية بالملابس والمفروشات /
_cاعداد منال البكرى.
250 _aط. 1.
260 _aالقاهرة :
_bعالم الكتب،
_c2014.
300 _a176 ص. :
_bايض. ؛
_c24 سم.
504 _aببليوجرافية : ص. 175-176.
650 0 4 _aالملابس
_xعناية
650 0 4 _aالمفروشات
_xعناية
942 _2ddc
_cBK
999 _c62441
_d62441